| 000 | 00556nam a2200181Ia 4500 | ||
|---|---|---|---|
| 003 | GCL | ||
| 008 | 140319s9999 xx 000 0 ara d | ||
| 020 | _a0198602138 | ||
| 040 |
_aGCL / _cGCL |
||
| 082 | 0 | 4 |
_aREF _b463.2 _bO O |
| 245 | 1 | 0 |
_aTHE OXFORD COLOUR SPANISH DICTIONARY : _bSPANISH-ENGLISH, ENGLISH-SPANISH |
| 260 |
_aنيويورك : _bOXFORD UNIVERSITY PRESS ، _c1998 |
||
| 300 |
_a16 CM ؛ _c493 P |
||
| 650 | 0 | 4 | _aSPANISH - ENGLISH - ENGLISH - SPANISH |
| 650 | 0 | 4 | _aDICTIONARIES |
| 650 | 0 | 4 | _aENGLISH LANGUAGE - DICTIONARIES |
| 942 |
_2ddc _cBK |
||
| 999 |
_c8655 _d8655 |
||